[Event "Damhus-ch D"]
[Site "Rodovre"]
[Date "2011.09.20"]
[Round "3"]
[White "Stentsoe, Daniel"]
[Black "Dyremose, Morten Sigvart"]
[Result "1-0"]
[WhiteElo "1000"]
[BlackElo "1115"]
[PlyCount "78"]
[EventDate "2011.09.06"]
[EventType "swiss"]
[EventRounds "7"]
[EventCountry "DEN"]
[SourceTitle "EXT 2023"]
[Source "ChessBase"]
[SourceDate "2022.10.05"]
[SourceVersion "1"]
[SourceVersionDate "2022.10.05"]
[SourceQuality "1"]

1. e4 e5 2. Nf3 Nc6 3. Nc3 d6 4. h3 Nf6 5. Bc4 h6 6. d3 Bd7 7. Be3 Qc8 8. a3 Be6 9. Qe2 Qd7 10. 0-0-0 a6 11. d4 Bxc4 12. Qxc4 b5 13. Qe2 exd4 14. Bxd4 Nxd4 15. Nxd4 c5 16. Nf5 g6 17. e5 0-0-0 18. Nxd6+ Bxd6 19. Rxd6 Qb7 20. Rxf6 b4 21. Qg4+ Kb8 22. axb4 cxb4 23. Na4 Qd5 24. Nb6 Qa2 25. Nd7+ Ka7 26. Qd4+ Ka8 27. Kd2 Qa5 28. c3 bxc3+ 29. Qxc3 Rxd7+ 30. Rd6 Rxd6+ 31. exd6 Qd5+ 32. Qd3 Qxg2 33. Ra1 Qxf2+ 34. Qe2 Qd4+ 35. Ke1 Qb4+ 36. Kf1 Qf4+ 37. Qf2 Qc4+ 38. Kg1 Qc8 39. Rd1 Qd7 1-0